| 000 | 00725nam a2200217Ia 4500 | ||
|---|---|---|---|
| 003 | OSt | ||
| 005 | 20251125161453.0 | ||
| 008 | 210719s2015 xx 000 0 und d | ||
| 040 | _cAL | ||
| 041 | _akannada | ||
| 082 | _a927K DAMS | ||
| 100 |
_aDAMODARA SHETTI (N);LAKSHMANA KODASE Ed _9132546 _dದಾಮೋದರ ಶೆಟ್ಟಿ (ಎನ್);ಲಕ್ಷ್ಮಣ ಕೊಡಸೆ |
||
| 245 |
_aSugama sangita sampattu Y K M _bಸುಗಮ ಸಂಗೀತ ಸಂಪುಟ ವೈ ಕೆ ಎಂ |
||
| 260 |
_aBengaluru _c2015 |
||
| 300 |
_avi,39 _bPB |
||
| 365 |
_b100 _cRs |
||
| 650 |
_aBiography _9132547 |
||
| 650 |
_aBiography _9132547 |
||
| 906 | _aEm ; Ke ; sampattu ; sangita ; Sugama ; Vai | ||
| 942 |
_2ddc _cBK |
||
| 999 |
_c215747 _d215747 |
||